Essentials of Entrepreneurship: What it takes to create successful Enterprises. (Record no. 2310)
[ view plain ]
| 005 - DATE AND TIME OF LATEST TRANSACTION | |
|---|---|
| control field | 20250515141957.0 |
| 020 ## - INTERNATIONAL STANDARD BOOK NUMBER | |
| International Standard Book Number | 0-471-44453-7 |
| 082 ## - DEWEY DECIMAL CLASSIFICATION NUMBER | |
| Classification number | LECT 658.15 TIE |
| 111 ## - MAIN ENTRY--MEETING NAME | |
| Meeting name or jurisdiction name as entry element | TiE: The Indus Enterpreneurs |
| 245 ## - TITLE STATEMENT | |
| Title | Essentials of Entrepreneurship: What it takes to create successful Enterprises. |
| 260 ## - PUBLICATION, DISTRIBUTION, ETC. | |
| Place of publication, distribution, etc. | New York, |
| Name of publisher, distributor, etc. | Wiley John Wiley & Sons, Inc. |
| Date of publication, distribution, etc. | 2003. |
| 300 ## - PHYSICAL DESCRIPTION | |
| Extent | xiii, 370p.: ill.; figure, tables, |
| Other physical details | index. |
| Dimensions | 23cm. |
| 700 ## - ADDED ENTRY--PERSONAL NAME | |
| Other authors/Editors | BRUTOCO, R. S., CHOPRA, D., DRAPER, W. H., GUPTA, R. & HSU T. L. |
| 942 ## - ADDED ENTRY ELEMENTS (KOHA) | |
| Source of classification or shelving scheme | Dewey Decimal Classification |
| Koha item type | Books |
| Date last seen | Total checkouts | Full call number | Barcode | Cost, replacement price | Price effective from | Koha item type | Lost status | Source of classification or shelving scheme | Damaged status | Not for loan | Withdrawn status | Home library | Current library | Shelving location | Date acquired | Cost, normal purchase price |
|---|---|---|---|---|---|---|---|---|---|---|---|---|---|---|---|---|
| 05/15/2025 | LECT 658.15 TIE | 0000008843 | 200499.00 | 05/15/2025 | Books | Dewey Decimal Classification | College of Business Education Main Library | College of Business Education Main Library | General Collection | 05/28/2010 | 66833.00 | |||||
| 05/15/2025 | LECT 658.15 TIE | 0000008869 | 200499.00 | 05/15/2025 | Books | Dewey Decimal Classification | College of Business Education Main Library | College of Business Education Main Library | General Collection | 05/28/2010 | 66833.00 | |||||
| 06/07/2025 | LECT 658.15 TIE | 00000011384 | 200499.00 | 06/07/2025 | Books | Dewey Decimal Classification | College of Business Education Main Library | College of Business Education Main Library | General Collection | 05/28/2010 | 66833.00 |
